| 000 | 00539cam a22002051 4500 | ||
|---|---|---|---|
| 001 | ca 24000015 | ||
| 003 | DLC | ||
| 005 | 20260227111111.0 | ||
| 008 | 791204s1923 ctuc 000 0 eng | ||
| 010 | _aca 24000015 | ||
| 035 | _a(OCoLC)5757110 | ||
| 040 |
_aDLC _cTxU _dDLC |
||
| 042 | _apremarc | ||
| 050 | 0 | 0 |
_aPS3535.I84 _bT5 1923 |
| 100 | 1 | _aRitch, Manly. | |
| 245 | 1 | 0 |
_aThoughts of a postman, _cby Manly Ritch. |
| 260 |
_aGreenwich, Conn., _bM. Ritch, _c1923. |
||
| 300 |
_aix, 90 p. _bfront. (port.) _c21 cm. |
||
| 500 | _aPoems. | ||
| 999 |
_c15711 _d15711 |
||